000 00466nam a2200157 i 4500
001 149896
003 ES-MaACL
005 20230906203312.0
007 t|
008 071024s1969 sp ||||1| spa d
100 1 _aValladares Conde, Alejandro.
_9112731
245 1 0 _aInstrumental, herramientas y equipo /
_c[Alejandro Valladares Conde].
260 _aMadrid :
_bRealigraf,
_c[1969]
300 _a131 p. :
_bil. ;
_c24 cm.
852 _aES-MaACL
_jC-46761
_bR.71079
999 _c149896
_d149896